Quartiers de Caen sur une carte - Statistiques

Statistiques générales
  • Ce quiz a été pris 173 fois
  • Le résultat moyen est 9 sur 20
Réponses sur la Carte
Les réponses sont colorées sur une échelle allant du rouge au vert en fonction du pourcentage des utilisateurs qui les ont devinées à leur premier essai. Vous pouvez retrouver ces pourcentages ci-dessous.
 
Statistiques - réponses
Quartiers % Correct
Centre ancien
73%
Chemin Vert
69%
Calvaire Saint-Pierre
67%
La Grâce-de-Dieu
65%
La Pierre-Heuzé
63%
La Guérinière
62%
Venoix
60%
Beaulieu - La Maladrerie - Saint-Paul
49%
La Folie-Couvrechef
46%
Le Port
46%
Bas de Venoix - Prairie
42%
Université
40%
Sainte-Thérèse-Demi-Lune
37%
Saint-Jean
35%
Vaucelles
33%
Hastings
32%
La Haie Vigné
30%
Saint-Jean-Eudes - Saint-Gilles
27%
Saint-Ouen
27%
La Verte Vallée
7%
Aucun quiz correspondant
Distribution des résultats
% des personnes avec chaque résultat
Percentile par nombre de réponses
Votre historique - résultats
Vous n’avez pas pris ce quiz